The Marriage Certificate as a Shield? The Role of Marital Status on Violent Victimization

Gespeichert in:  
Bibliographische Detailangaben
1. VerfasserIn: Schaum, Robin J. (Verfasst von)
Medienart: Druck Buch
Sprache:Englisch
Veröffentlicht: [Erscheinungsort nicht ermittelbar] University of Missouri-St. Louis 2008
In:Jahr: 2008
Verfügbarkeit prüfen: HBZ Gateway
Subito Bestelldienst: Jetzt bestellen.

MARC

LEADER 00000cam a22000002c 4500
001 1912616734
003 DE-627
005 20250124055009.0
007 tu
008 241217s2008 xx ||||| 00| ||eng c
035 |a (DE-627)1912616734 
035 |a (DE-599)KXP1912616734 
040 |a DE-627  |b ger  |c DE-627  |e rda 
041 |a eng 
084 |a 2,1  |2 ssgn 
100 1 |a Schaum, Robin J.  |e VerfasserIn  |4 aut 
245 1 4 |a The Marriage Certificate as a Shield? The Role of Marital Status on Violent Victimization 
264 1 |a [Erscheinungsort nicht ermittelbar]  |b University of Missouri-St. Louis  |c 2008 
336 |a Text  |b txt  |2 rdacontent 
337 |a ohne Hilfsmittel zu benutzen  |b n  |2 rdamedia 
338 |a Band  |b nc  |2 rdacarrier 
787 0 8 |i Forschungsdaten  |a USA. Bureau of Justice Statistics  |t National Crime Victimization Survey, 2004 (Record-Type Files)  |d [Erscheinungsort nicht ermittelbar] : [Verlag nicht ermittelbar], 2008  |w (DE-627)1840055405 
935 |a mkri 
951 |a BO 
ELC |b 1 
LOK |0 000 xxxxxcx a22 zn 4500 
LOK |0 001 4637582253 
LOK |0 003 DE-627 
LOK |0 004 1912616734 
LOK |0 005 20241217044702 
LOK |0 008 241217||||||||||||||||ger||||||| 
LOK |0 035   |a (DE-2619)ICPSR107504 
LOK |0 040   |a DE-2619  |c DE-627  |d DE-2619 
LOK |0 092   |o n 
LOK |0 852   |a DE-2619 
LOK |0 852 1  |9 00 
LOK |0 935   |a nacp 
LOK |0 939   |a 17-12-24  |b l01 
ORI |a SA-MARC-krimdoka001.raw